[Event "Girona Tardor op 4th"]
[Site "Girona"]
[Date "2020.09.15"]
[Round "1"]
[White "Foix Breto, Antoni"]
[Black "Torres Garcia, Xavier"]
[Result "1-0"]
[WhiteElo "1624"]
[BlackElo "1335"]
[PlyCount "49"]
[EventDate "2020.09.15"]
[EventType "swiss"]
[EventRounds "8"]
[EventCountry "ESP"]
[SourceTitle "EXT 2022"]
[Source "ChessBase"]
[SourceDate "2021.10.06"]
[SourceVersion "1"]
[SourceVersionDate "2021.10.06"]
[SourceQuality "1"]

1. e4 e5 2. Nf3 d6 3. d4 exd4 4. Nxd4 Nf6 5. Nc3 Nc6 6. Bb5 Bd7 7. 0-0 a6 8. Bxc6 bxc6 9. Re1 c5 10. e5 dxe5 11. Rxe5+ Be7 12. Nb3 0-0 13. Nd5 Re8 14. Nxe7+ Rxe7 15. Rxc5 Qe8 16. Be3 Rd8 17. Qf3 Bg4 18. Qf4 Qd7 19. h3 Bh5 20. Bd4 Ne4 21. Rxh5 g6 22. Re5 Nd6 23. Rae1 Nf5 24. Rxe7 Nxe7 25. Qf6 1-0

[Event "Gerunda Tardor 3rd op"]
[Site "Gerunda"]
[Date "2019.11.05"]
[Round "6.8"]
[White "Torres Garcia, Xavier"]
[Black "Valle Luis, Leo"]
[Result "0-1"]
[WhiteElo "1670"]
[BlackElo "1799"]
[PlyCount "50"]
[EventDate "2019.09.24"]
[EventType "swiss"]
[EventRounds "9"]
[EventCountry "ESP"]
[SourceTitle "EXT 2024"]
[Source "ChessBase"]
[SourceDate "2023.10.10"]
[SourceVersion "1"]
[SourceVersionDate "2023.10.10"]
[SourceQuality "1"]

1. e4 d5 2. exd5 Qxd5 3. Nc3 Qa5 4. Qf3 Nf6 5. Bc4 c6 6. Nh3 Bg4 7. Qg3 e6 8. f3 Bf5 9. d3 Nbd7 10. 0-0 Bc5+ 11. Nf2 0-0-0 12. a3 Nb6 13. Qxg7 Nbd7 14. Qxf7 Rdf8 15. Qg7 Rhg8 16. Qh6 Rg6 17. Qh4 Rfg8 18. g3 Ne5 19. Qf4 Nh5 20. Bxe6+ Bxe6 21. Qe4 Nxg3 22. hxg3 Rxg3+ 23. Kh2 Nxf3+ 24. Kh1 Rg1+ 25. Rxg1 Rxg1# 0-1